00507nam a2200193 a 4500001001300000003000900013005001700022008004100039020002300080082001500103100002300118245004000141260003500181300000900216500003500225505001000260650002000270700002300290nice12345678IN_TiNIC20260116015335.0091110s2006 newa grp 000 0 eng  a1932099859 c75000a297.2bGUL aGulen, M Fetjillah aThe Essentials of the Islamic Faith aNew Jersey, USA bLight c2006 a268p aincludes index and biblioraphy2 aIndex aIslam-Doctrines1 aGulen, M Fetjillah